| 000 | 01271nac a22003497a 4500 | ||
|---|---|---|---|
| 001 | BR8708245 | ||
| 003 | BR-BrBNA | ||
| 005 | 20240105120647.0 | ||
| 008 | 230509b bl.|||m| |||| 00| 0 por d | ||
| 040 |
_aBR-BrBNA _bpor _cBiblioteca Nacional de Agricultura |
||
| 072 | _aF08; F01 | ||
| 090 | _a0120 BR8708245 | ||
| 100 | 1 | _aLameira, O.A. | |
| 100 | 1 | _aAlves, A.A.C. | |
| 110 | 1 |
_aUnidade de Execucao de Pesquisa de Ambito Territorial de Boa Vista, RR (Brasil) _910391 |
|
| 245 | 1 | _aDesempenho fisico economico de alguns sistemas de producao envolvendo culturas alimentares em areas de mata de Roraima | |
| 246 | 1 | _a[Ecconomical performance of some production systems envolving feeding cultivation in forest zones of Roraima] | |
| 260 | 3 |
_aBoa Vista, RR (Brasil): _c1983. |
|
| 300 | _a17 p. | ||
| 490 |
_aCircular Tecnica - Unidade de Execucao de Pesquisa de Ambito Territorial de Boa Vista (Brazil) _vno. 1 _xISSN 0101-9813 |
||
| 500 | _a6 tables; 7 ref. | ||
| 650 | _aMILHO | ||
| 650 | _aFEIJAO DE CORDA | ||
| 650 | _aARROZ | ||
| 650 | _aMANDIOCA | ||
| 650 | _aMONOCULTURA | ||
| 650 | _aCONSORCIACAO DE CULTURA | ||
| 650 | _aPRATICA CULTURAL | ||
| 650 | _aRORAIMA | ||
| 909 |
_a202312 _bLúcia Elande _c55 _dLúcia Elande |
||
| 942 |
_2AGRIS _n0 _cMS |
||
| 999 |
_c280743 _d280743 |
||